Urnapja

Rímskokatolícka cirkev usporiada 11.06.1903 v Humennom sprievod na počesť Božieho tela (cirkevný sviatok), ktorý sa datuje od r.1264. Zaviedol ho rímsky pápež Urban r.1264 na počesť sv.oplátok, ktoré sú stelesnením Božieho tela.

Podrobná bibliografia
Médium: Článok
Jazyk:Hungarian
Témy:
Zdroj: 1. Homonna és Vidéke : Vegyes tartalmu közmüvelődési, szépirodalmi és közgazdasági hetilap 1. Roč. 3, č. 24 (11.06.1903) s. 2
LEADER 01102nab#a2200301#ar4500
001 000073565
003 SVKKK
005 19970929xxxxxxx.
008 06 c xo huno
FMT
038 |a SVKKK 
040 |a SVKKK  |b slo  |e AACR2 
041 0 |a hun 
044 |a xo  |c SK 
080 |a 264-041 
242 1 0 |a Božie telo 
245 0 0 |a Urnapja 
500 |a mikrofilm 
520 2 |a Rímskokatolícka cirkev usporiada 11.06.1903 v Humennom sprievod na počesť Božieho tela (cirkevný sviatok), ktorý sa datuje od r.1264. Zaviedol ho rímsky pápež Urban r.1264 na počesť sv.oplátok, ktoré sú stelesnením Božieho tela. 
650 0 4 |a cirkev rímskokatolícka - Božie telo (sviatok cirkevný) - Urban (pápež rímsky) (pôvodca) - r.1264 (datovanie) - Humenné - 11.06.1903 - sprievod - správy 
773 0 |t Homonna és Vidéke : Vegyes tartalmu közmüvelődési, szépirodalmi és közgazdasági hetilap  |g Roč. 3, č. 24 (11.06.1903) s. 2 
957 |a Humenné 
958 |a DG 
958 |a SK 
974 |a Ba  |d 19970929 
992 |a RBX 
BAS
998 |a RETRO